000 00621nam a22001817a 4500
005 20230328115626.0
008 230113b sp ||||| |||| 00| 0 spa d
020 _a8470741187
050 0 4 _aPN1993.5.S7
_bM37 2000
100 1 _aMartínez-Bretón, Juan Antonio
245 1 0 _aLibertad de expresión cinematográfica durante la II República española (1931-1936)
_c / Juan Antonio Martínez-Bretón.
250 _a1a ed.
260 _aMadrid :
_bFragua,
_c2000
300 _a158 p. ;
_c24 cm.
504 _aBibliografía : p. 153-158
651 7 _2lemb
_aEspaña
_xCinematografía
_xLibertad expresión
942 _2lcc
_cLIB
999 _c60059
_d60059